|
|
|
|
| LEADER |
00624cam a2200181ua 4500 |
| 020 |
|
|
|a 81-7629-055-6
|
| 082 |
|
|
|a 338.900 917 34
|b RUR
|
| 245 |
0 |
0 |
|a Rural sector and development: experiences and challenges
|
| 260 |
|
|
|a New Delhi
|b Deep and Deep
|c 1999
|
| 300 |
|
|
|a xlviii,455p.
|
| 500 |
|
|
|a Includes index.
|
| 650 |
|
|
|a Rural development- India
|
| 650 |
0 |
|
|a Economic development- India
|
| 650 |
0 |
|
|a India - Economic conditions
|
| 700 |
|
|
|a Das, Debendra Kumar
|
| 942 |
|
|
|c BK
|
| 999 |
|
|
|c 10066
|d 10066
|
| 952 |
|
|
|0 0
|1 0
|4 0
|6 338_900000000000000_917_34_RUR
|7 0
|9 10490
|a KUCL
|b KUCL
|d 2014-05-23
|l 0
|o 338.900 917 34 RUR
|p 03412
|r 2014-05-23
|y BK
|